Statistics for What Is It? - Astronomy

Click here to take the quiz!

General Stats

  • This quiz has been taken 18 times
  • The average score is 26 of 50

Answer Stats

HintAnswer% Correct
VenusA planet
87%
MarsA planet
87%
MercuryA planet
87%
MoonA moon
80%
NeptuneA planet
80%
UranusA planet
80%
EarthA planet
80%
SunA star
80%
PlutoA dwarf planet
73%
Milky WayA galaxy
73%
SaturnA planet
73%
JupiterA planet
73%
AndromedaA galaxy
67%
IoA moon
67%
EuropaA moon
67%
BetelgeuseA star
67%
Halley’s _____A comet
60%
PhobosA moon
60%
DeimosA moon
60%
CeresA dwarf planet
53%
GanymedeA moon
53%
TritonA moon
53%
SiriusA star
53%
HaumeaA dwarf planet
47%
ErisA dwarf planet
47%
TitanA moon
47%
OberonA moon
47%
CharonA moon
47%
TitaniaA moon
47%
CallistoA moon
47%
UY ScutiA star
47%
EncladusA moon
40%
MimasA moon
40%
DioneA moon
40%
Proxima Centauri
A star
40%
PolluxA star
40%
RigelA star
40%
SednaA dwarf planet
33%
QuaoarA dwarf planet
33%
MakemakeA dwarf planet
33%
OrcusA dwarf planet
33%
ArcturusA star
33%
DysnomiaA moon
27%
ArielA moon
27%
MirandaA moon
27%
IapetusA moon
27%
AntaresA star
27%
VegaA star
27%
UmbrielA moon
20%
TethysA moon
20%

Score Distribution

Percentile by Number Answered

Percent of People with Each Score

Your Score History

You have not taken this quiz